MARC

LEADER 00000nam0a2200000 4500
001 33889
005 20231030220848.0
035 |a (RuTPU)RU\TPU\book\34260 
035 |a BOOK00000911 
090 |a 33889 
100 |a 20011210d1973 m y0rusy50 ca 
101 0 |a rus 
102 |a RU 
105 |a a j 000zy 
200 1 |a Магнитографический контроль сварных швов  |e учебное пособие  |f М. Х. Хусанов 
210 |a Москва  |c Недра  |d 1973 
215 |a 215 с.  |c ил. 
610 1 |a сварные соединения 
610 1 |a учебные пособия 
610 1 |a сварные швы 
610 1 |a дефектоскопия магнитная 
610 1 |a контроль 
610 1 |a качество 
675 |a 621.791.056(075.9)  |v 3 
700 1 |a Хусанов  |b М. Х.  |g Мухамед Хамидулович 
801 0 |a RU  |b 63413507  |c 20011210  |g PSBO 
801 2 |a RU  |b 63413507  |c 20150902  |g PSBO 
900 |a Контроль качества сварных соединений 
942 |c BK